|
|
|
|
| LEADER |
00730cam a2200205 7i4500 |
| 001 |
0000014722 |
| 005 |
20170218090000.0 |
| 008 |
070508 eng |
| 020 |
|
|
|a 9780071135306
|
| 020 |
|
|
|a 0071135308 (pbk.)
|
| 090 |
0 |
0 |
|a TK5105.55
|b .N38 1994
|
| 100 |
1 |
|
|a Naugle, Matthew G
|
| 245 |
1 |
0 |
|a Network protocol handbook
|c Matthew G. Naugle.
|
| 260 |
|
|
|a New York:
|b McGraw-Hill,
|c 1994.
|
| 300 |
|
|
|a xiv, 521 p.:
|b ill.;
|c 24 cm.
|
| 490 |
0 |
|
|a McGraw-Hill series on computer communications
|
| 504 |
|
|
|a Includes bibliographical references and index
|
| 650 |
0 |
0 |
|a Computer network protocols
|
| 997 |
|
|
|a Engineering, Faculty
|b Engineering, Department
|
| 999 |
|
|
|a 0000021776
|b BOK
|c REFERENCE
|e Ground Floor, Bestari Jaya
|